Les stations de la ligne 6 du métro parisien - Mort subite - Statistiques

Statistiques générales
  • Ce quiz a été pris 243 fois
  • Le résultat moyen est 10 sur 16
Answers on the Grid
Answers color-coded by a green-red scale on the quiz's grid according to % correct below.
Kléber
Courcelles
Cambronne
Louvre - Rivoli
Picpus
Saint-Ambroise
Daumesnil
Reuilly - Diderot
Saint-Jacques
Saint-Placide
Bir-Hakeim
Maubert - Mutualité
Edgar Quinet
Sèvres - Babylone
Raspail
Vavin
Trocadéro
Iéna
Pasteur
Falguière
La Motte-Picquet - Grenelle
Félix Faure
Denfert-Rochereau
Les Gobelins
Bercy
Olympiades
Glacière
Volontaires
Nationale
Duroc
Nation
Charles Michels
 
Statistiques - réponses
Réponse % Correct
Nation
70%
Bir-Hakeim
63%
Kléber
63%
La Motte-Picquet - Grenelle
61%
Bercy
60%
Daumesnil
60%
Edgar Quinet
60%
Picpus
60%
Raspail
60%
Trocadéro
60%
Denfert-Rochereau
59%
Glacière
59%
Pasteur
59%
Cambronne
54%
Nationale
54%
Saint-Jacques
50%
Aucun quiz correspondant
Distribution des résultats
% des personnes avec chaque résultat
Percentile par nombre de réponses
Votre historique - résultats
Vous n’avez pas pris ce quiz